| 000 | 00473nam a2200193Ia 4500 | ||
|---|---|---|---|
| 003 | OSt | ||
| 005 | 20240507085247.0 | ||
| 008 | 210324s9999||||xx |||||||||||||| ||und|| | ||
| 040 | _cSTCPL | ||
| 041 | _aENG | ||
| 082 |
_a820 _bEDM-N |
||
| 100 | _aBlunden, Edmund | ||
| 245 | 0 |
_aNature in english literature / _cby Edmund Blunden |
|
| 260 |
_aLondon : _bThe Hogarth Press , _c1929 . |
||
| 300 |
_a155 p. _bHB |
||
| 650 | _aEnglish literature | ||
| 942 | _cBK | ||
| 942 | _2ddc | ||
| 999 |
_c4340 _d4340 |
||